000 01248nam a2200325 i 4500
999 _c65571
_d65571
001 768714001
003 CO-MdFUSB
005 20200601143601.0
007 ta
008 200330t2004 mau |||| |||| 00| 0 eng d
020 _a9781565636934
040 _aCO-MdFUSB
_bspa
_cCO-MdFUSB
_dCO-MdFUSBC
_erda
041 _aeng
082 _223
_a229.061
_bK13
100 _aKaiser, Otto.
_eautor
245 1 4 _a The Old Testament apocrypha :
_ban introduction.
_c/ Otto Kaiser
264 1 _a Massachusetts :
_bHendrickson Publishers,
_c[2004]
264 4 _c© 2004
300 _a125 páginas
_c; 23 cm
336 _2rdacontent
_atexto
_btdi
337 _2rdamedia
_asin mediación
_bn
338 _2rdacarrier
_avolumen
_bnc
500 _aColección Dawn Christina Harrell
505 _aIntroducción: Los libros deuterocanónicos o apócrifos como testigos del judaísmo en el período helenístico. -- Obras históricas. -- Narraciones deuterocanónicas - Libros proféticos deuterocanónicos - Salmos deuterocanónicos y postbíblicos. -- Libros de sabiduría deuterocanónicos.
563 _aRùstico
630 7 _aBiblia.
_pApócrifos
_xCrítica, interpretación, etc.
942 _cBK
945 _aJTF-925
_bAEM-53